ANALYSIS FOR PRODUCTION MANAGEMENT (Record no. 568658)

000 -LEADER
fixed length control field 00282nam a22001097a 4500
082 ## - DEWEY DECIMAL CLASSIFICATION NUMBER
Classification number 658.3 BOW'A
100 ## - MAIN ENTRY--PERSONAL NAME
Personal name FETTER, ROBERT B,BOWMAN, EDWARD H
9 (RLIN) 58462
245 ## - TITLE STATEMENT
Title ANALYSIS FOR PRODUCTION MANAGEMENT
260 ## - PUBLICATION, DISTRIBUTION, ETC.
Place of publication, distribution, etc. ILLINOIS
Name of publisher, distributor, etc. RICHARD D. IRWIN
Date of publication, distribution, etc. 1957
300 ## - PHYSICAL DESCRIPTION
Extent 503P
942 ## - ADDED ENTRY ELEMENTS (KOHA)
Koha item type Book
Holdings
Withdrawn status Lost status Damaged status Not for loan Permanent Location Current Location Shelving location Date acquired Total Checkouts Full call number Barcode Date last seen Price effective from Koha item type
        College of Electrical & Mechanical Engineering (CEME) College of Electrical & Mechanical Engineering (CEME) General Stacks 07/17/2017   658.3 BOW'A CEME-3051 06/28/2021 06/28/2021 Book
© 2023 Central Library, National University of Sciences and Technology. All Rights Reserved.